000 01056nam0a22002771 4500
001 rc\4538658
005 20130416182542.6
021 _aRU
_b[59-47049]
035 _a(NLR Aleph) 008634536
090 _a8903708
_c8903708
100 _a20130416d1959 |||y0rusy50 ca
101 0 _arus
102 _aRU
105 _aa z |||||
200 1 _aОсновы автоматического пилотирования
_fМ-во высш. образования СССР. Моск. ордена Ленина авиац. ин-т им. Серго Орджоникидзе
210 _aМосква
_cОборонгиз
_d1959
215 _a232 с.
_cчерт.
_d23
606 _aСамолеты
_xАвтоматическое управление
_2psbo
606 _aАвтопилоты
_2psbo
700 1 _aКолосов
_bС. П.
_gСергей Петрович
701 1 _aСтромилов
_bВ. М.
_gВасилий Михайлович
801 0 _aRU
_bNLR
_gpsbo
801 1 _aRU
_bELAR
_2rusmarc
852 _aNLR
_j59-5/3357
942 _cBOOK
980 _aNB